<?xml version="1.0" encoding="UTF-8"?><?xml-stylesheet type="text/xsl" href="static/style.xsl"?><OAI-PMH xmlns="http://www.openarchives.org/OAI/2.0/" xmlns:xsi="http://www.w3.org/2001/XMLSchema-instance" xsi:schemaLocation="http://www.openarchives.org/OAI/2.0/ http://www.openarchives.org/OAI/2.0/OAI-PMH.xsd"><responseDate>2026-04-18T04:43:49Z</responseDate><request verb="GetRecord" identifier="oai:www.recercat.cat:10230/44289" metadataPrefix="marc">https://recercat.cat/oai/request</request><GetRecord><record><header><identifier>oai:recercat.cat:10230/44289</identifier><datestamp>2025-12-19T20:28:56Z</datestamp><setSpec>com_2072_6</setSpec><setSpec>col_2072_452954</setSpec></header><metadata><record xmlns="http://www.loc.gov/MARC21/slim" xmlns:dcterms="http://purl.org/dc/terms/" xmlns:xsi="http://www.w3.org/2001/XMLSchema-instance" xmlns:doc="http://www.lyncode.com/xoai" xsi:schemaLocation="http://www.loc.gov/MARC21/slim http://www.loc.gov/standards/marcxml/schema/MARC21slim.xsd">
   <leader>00925njm 22002777a 4500</leader>
   <datafield ind2=" " ind1=" " tag="042">
      <subfield code="a">dc</subfield>
   </datafield>
   <datafield ind2=" " ind1=" " tag="720">
      <subfield code="a">Lai, Yi</subfield>
      <subfield code="e">author</subfield>
   </datafield>
   <datafield ind2=" " ind1=" " tag="260">
      <subfield code="c">2020-04-21T09:39:02Z</subfield>
   </datafield>
   <datafield ind2=" " ind1=" " tag="260">
      <subfield code="c">2020-04-21T09:39:02Z</subfield>
   </datafield>
   <datafield ind2=" " ind1=" " tag="260">
      <subfield code="c">2020-04-21</subfield>
   </datafield>
   <datafield ind2=" " ind1=" " tag="520">
      <subfield code="a">El presente trabajo investiga el vacío que se atraviesa en la imagen cinematográfica &#xd;
con el fin de renunciar a la legibilidad exacta y rígida, y de llegar a la plenitud en la &#xd;
expresión e interpretación. Se basa en la teoría de Gilles Deleuze sobre la imagen&#xd;
tiempo y los estudios chinos sobre el vacío de François Cheng y de François Jullien. &#xd;
Por medio del vacío que se abre camino en el espacio y en la acción, la imagen obtiene &#xd;
la flexibilidad de vincularse con todo contenido y de transformarse entre distintos &#xd;
tiempos-espacio. En otros casos, con el vacío materializado en el silencio y el estado &#xd;
de devenir del personaje, la expresión emocional y la percepción humana se hace viva, &#xd;
flexible y plena. La discontinuidad y la vinculación irracional entre imágenes &#xd;
corresponde al estado de vida bajo el contexto posmoderno, con respecto al tiempo &#xd;
fugitivo, el espacio discontinuo y lo cotidiano. Como consecuencia, el vacío se &#xd;
destinará a la aproximación a la realidad confusa y fragmentaria, la inclusividad y la &#xd;
transformación flexible, y la reflexión sobre la posmodernidad.</subfield>
   </datafield>
   <datafield ind2="0" ind1="0" tag="245">
      <subfield code="a">La Dinámica del Vacío en el Cine Oriental Contemporáneo</subfield>
   </datafield>
</record></metadata></record></GetRecord></OAI-PMH>